| 000 | 01281nam a22002777a 4500 | ||
|---|---|---|---|
| 005 | 2010011801531.0 | ||
| 008 | 100118t xxu||||| |||| 00| f hin d | ||
| 010 | _aHIN-88943 | ||
| 020 |
_a9788186304877 _c250.00 |
||
| 035 | _aHN-61289 | ||
| 037 | _bDBAD / PUB | ||
| 037 | _bभारत पुस्तक भंडार | ||
| 040 |
_aDPL _bHN |
||
| 082 | _aउ | ||
| 100 | _aप्रेमचंद | ||
| 245 |
_aवरदान / _cप्रेमचंद |
||
| 246 |
_aVardan _bby Premchand |
||
| 260 |
_aदिल्ली _bभारत पुस्तक भण्डार _c2009 |
||
| 270 |
_aफेस ई 1/265, गली नं-16, सोनिया विहार _bदिल्ली _e110094 |
||
| 300 |
_a152पृ. _c22सेमी (सजिल्द) |
||
| 650 | _aहिन्दी कथा साहित्य | ||
| 650 | _aHindi Noval | ||
| 942 |
_2ddc _cHN _mप्रेमचं _hउ |
||
| 999 |
_c33652 _d33652 |
||